00454nam a2200169Ia 4500003000400000005001700004008004100021040000700062041000800069082001900077100002500096245007800121260004500199365001200244650000800256650002000264OSt20230524192944.0210423s2002 xx 000 0 und d cAL aeng a340 223bPULK aPULIANI (Sathpal),Ed aKarnataka hindu religious institutions and charitable endowments act 1997 bKarnataka Law Journal Publicationsc2002 b45cINR aLaw aSocial Sciences